Statistiques concernant Quiz sur l'Eswatini

Cliquez ici pour prendre le quiz!

Statistiques générales

  • Ce quiz a été pris 1 738 fois
  • Le résultat moyen est 10 sur 16

Statistiques - réponses

QuestionRéponse% Correct
Pays frontaliersAfrique du Sud
99%
Pays frontaliersMozambique
91%
Autre langue officielle du paysAnglais
87%
Deux autres monarchies d'Afrique (nommez-en une)Lesotho | Maroc
86%
Sobhuza II a eu le plus long ____ attesté dans l'histoire de l'HumanitéRègne
83%
Ce virus a infecté 27,2% des adultes de l'Eswatini.
C'est plus que n'importe quel autre pays dans le monde.
VIH
83%
Pays auquel l'Eswatini appartenait jusqu'en 1968Royaume-Uni
82%
Celui-ci a 15 ____ - son père Sobhuza II en a eu au moins 70 (peut-être 125)Femmes
76%
Animal qui représente traditionnellement le roi de l'EswatiniLion
74%
Capitale administrative et judiciaireMbabane
66%
Objet noir et blanc qui figure sur le drapeau de l'EswatiniBouclier
58%
Animal qui représente traditionnellement la reine douairière du paysÉléphant
39%
Principal groupe ethnique, qui parle le swatiSwazi
37%
Roi actuel, depuis 1986{Mswati} III
21%
Capitale royale et législativeLobamba
18%
Terme commençant par V qui désigne une steppe aride
d'Afrique australe, comme celle qui recouvre l'Eswatini
Veld
13%

Distribution des résultats

Percentile par nombre de réponses

% des personnes avec chaque résultat

Votre développement - résultats

Vous n’avez pas pris ce quiz